Gino Germani: la sociedad en cuestión. Antología comentada /
Se compila la obra del sociólogo italiano Gino Germani, por medio de textos escogidos que describen su biografía intelectual, sus ideas acerca de las problemáticas sociales, estructura de clases y movilidad social, sus abordajes metodológicos y epistemológicos, sus contribuciones al conocimiento de...
保存先:
| 第一著者: | |
|---|---|
| その他の著者: | , |
| フォーマット: | 不明 |
| 言語: | Spanish |
| 出版事項: |
Argentina :
CLACSO,
|
| 主題: | |
| タグ: |
タグ追加
タグなし, このレコードへの初めてのタグを付けませんか!
|
MARC
| LEADER | 00000 a2200000 04500 | ||
|---|---|---|---|
| 001 | 41479 | ||
| 003 | cru CIDCACS/IIS | ||
| 005 | 20171020124043.0 | ||
| 008 | 050702s2010 ag spa d | ||
| 999 | |c 15357 |d 15357 | ||
| 020 | |a 978-987-1543-55-7 | ||
| 040 | |c CIDCACS/IIS | ||
| 090 | |a 05.03.4 G373g | ||
| 100 | |a Germani, Gino | ||
| 245 | |a Gino Germani: |b la sociedad en cuestión. Antología comentada / |c Coordinado por Carolina Mera y Julián Rebón | ||
| 260 | |a Argentina : |b CLACSO, | ||
| 300 | |a 698 páginas | ||
| 520 | |a Se compila la obra del sociólogo italiano Gino Germani, por medio de textos escogidos que describen su biografía intelectual, sus ideas acerca de las problemáticas sociales, estructura de clases y movilidad social, sus abordajes metodológicos y epistemológicos, sus contribuciones al conocimiento de las migraciones, entre otros temas. | ||
| 590 | |a DISEMINAR072011/EFU/AGOSTO2011 | ||
| 650 | |a SOCIOLOGOS | ||
| 650 | |a CLASES SOCIALES | ||
| 650 | |a MIGRACION | ||
| 650 | |a TEORIA | ||
| 700 | |a Mera, Carolina | ||
| 700 | |a Rebón, Julián | ||
| 942 | |2 ddc |c LI | ||



